Представление документа в формате MARC21

Поле Инд. ПП Название Значение
Тип записи a
Библиографический уровень m
001 Контрольный номер RU/IS/BASE/434123787
005 Дата корректировки 20240130084701.0
020 c Цена, тираж 213-62
040 b Код языка каталог. rus
e Правила каталог. PSBO
041 0_ a Код языка текста rus
084 a Индекс другой классификации/Индекс ББК 82
090 a Полочн. индекс 82
c Каталожный индекс 82
x Авторский знак А 86
091 i Возрастная адресация (DOS) 12+
097 b Оператор ; Опрятова; Маслова
100 1_ a Автор Артемов В. В.
q Полное имя Артемов Владислав Владимирович
245 10 a Заглавие Мифы и предания славян
260 a Место издания М.
b Издательство ОЛМА Медиа Групп
c Дата издания 2013
300 a Объем 304 с.
b Иллюстрации/ тип воспроизводства ил.
440 _0 a Серия Классика в иллюстрациях
653 a Ключевые слова славяне мифология; мифы славянские; предания славянские; боги славянские; богатыри былинные
901 t Тип документа m